000
00321nam a2200121Ia 4500
008
190216s9999||||xx |||||||||||||| ||und||
100
_a
Misra S K & Puri V K
245
0
_a
Structure And Problems Of Indian Economy
260
_b
Himalaya Publishing House
_c
1993
300
_a
704p
650
_a
Economics
942
_c
BK
999
_c
10473
_d
10473